1994 resumen /
Guardat en:
| Altres autors: | , , |
|---|---|
| Format: | Text |
| Etiquetes: |
Afegir etiqueta
Sense etiquetes, Sigues el primer a etiquetar aquest registre!
|
MARC
| LEADER | 00000 a a2200000 04500 | ||
|---|---|---|---|
| 001 | 46003 | ||
| 003 | |||
| 040 | |a CRAI/IIS |c CRAI/IIS | ||
| 245 | |a 1994 resumen / |c Compilado por Scarlet Cuadra, Guillermo Fernández Ampié, Francisco Xavier Rayo V. | ||
| 700 | |a Cuadra, Scarlet | ||
| 700 | |a Fernández Ampié, Guillermo | ||
| 700 | |a Rayo V., Francisco Xavier | ||
| 773 | |g volumen15, número381 (1995), páginas 17-24 | ||
| 999 | |c 18543 |d 18543 | ||
